000 00501nam a2200193 a 4500
001 1768117516216
003 YourLibrary
005 20260112125815.0
008 260111s2003##################000#0#eng##
020 _a9780761969570
082 0 4 _a302
_bMAR
100 1 _aKilduff, Martin,
_eauthor.
245 1 0 _aSocial Networks and Organizations :
260 _bSAGE,
_c2003.
300 _a180 pages
650 0 _aBusiness & Economics.
942 _cENGLISH
040 _aYourLibrary
_beng
_cYourLibrary
999 _c608311
_d608311